000 01673nam0a2200373 4500
001 RU\NLR\bibl\1110113
005 20260405141027.0
010 _a978-5-382-00088-6
021 _aRU
_b2007-38273
_92046
035 _a(NLR Aleph) 001097161
090 _a1155176
_c1155176
100 _a20070716d2007 |||y0rusy50 ca
101 1 _arus
_cfre
102 _aRU
105 _ay |||||||||
200 1 _aШкола самообладания путем сознательного (преднамеренного самовнушения)
_dLa Maîtrise de soi-même par l'autosuggestion consciente
_fЭ. Куэ
_gпер. с фр. А. Семичова
_gпод ред. и с предисл. проф. И.Д. Ермакова
_zfre
205 _aИзд. 2-е
210 _aМосква
_cURSS
_cИзд-во ЛКИ
_d2007
215 _a71,[3] с.
_d22
225 1 _aИз наследия мировой психологии
300 _aАвт. также на фр. яз.: Émile Coué
300 _aНа 4-й с. обл. авт.: Эмиль Куэ, психотерапевт, аптекарь
320 _aБиблиогр. в подстроч. прим.
510 0 _6z77790
_aLa Maîtrise de soi-même par l'autosuggestion consciente
_zfre
606 1 _aСамовнушение
_91323803
_3RU\NLR\auth\66234577
686 _aЮ962
686 _aР357.192
700 1 _4070
_8rus
_7ca
_aКуэ
_bЭ.
_f1857-1926
_gЭмиль
_3RU\NLR\auth\7757168
_940100
790 1 _4070
_8fre
_7ba
_aCoué
_bÉ.
_f1857-1926
_gÉmile
_3RU\NLR\auth\7757170
_940102
801 0 _aRU
_bNLR
_c20070716
_gRCR
801 1 _aRU
_bNLR
_c20070716
942 _cBOOK
980 _aNB